000 00933nas a2200301 4500
001 BR9802434
003 BR-BrBNA
005 20231205100738.0
007 ta
008 230509b bl.|||p| |||| 00| 00por d
040 _aBR-BrBNA
_bpor
_cBiblioteca Nacional de Agricultura
041 _a(Pt)
072 _aF01
100 1 _aSouza, P.V.D. de
100 1 _aKoller, O.C.
100 1 _aSchwarz, S.F.
245 1 _aEfeito do raleamento quimico e de pressoes de pulverizacao foliar sobre as caracteristicas quimicas e percentagem de suco de frutos de tangerineiras
650 _aTangerina
650 _aRaleio
650 _aEtefon
650 _aPulverizacao Foliar
650 _aFruto
650 _aSuco
650 _aAnalise Quimica
773 0 _tRevista Brasileira de Fruticultura (Brazil)
_xISSN 0100-2945
_g(1991), v. 13(1) p. 107-110
_wBR9802434
909 _a202311
_bLúcia
_c55
_dLúcia Elande
942 _2AGRIS
_n0
_cANA
999 _c157822
_d157822